Great Powers through History - Statistics

General Stats
  • This quiz has been taken 232 times
    230 since last reset
  • The average score is 47 of 51
Answer Stats
Hint Answer % Correct
2022 China
98%
1914 German Empire
98%
2022 Germany
98%
1939 Nazi Germany
98%
1650 Qing Dynasty
98%
1750 Qing Dynasty
98%
1650 Russia
98%
1750 Russia
98%
1850 Russia
98%
1914 Russia
98%
2022 Russia
98%
1750 British Empire
97%
1850 British Empire
97%
1914 British Empire
97%
1650 France
97%
1750 France
97%
1850 France
97%
1914 France
97%
1939 France
97%
2022 France
97%
1914 Japan
97%
1939 Japan
97%
2022 Japan
97%
1939 United Kingdom
97%
2022 United Kingdom
97%
1850 United States
97%
1914 United States
97%
1939 United States
97%
2022 United States
97%
1650 Spain
96%
1750 Spain
96%
1914 Italy
94%
1939 Italy
94%
2022 Italy
94%
2022 India
91%
1650 Portugal
91%
1750 Portugal
91%
1914 Austria-Hungary
90%
1650 Ottoman Empire
90%
1750 Ottoman Empire
90%
1850 Ottoman Empire
90%
1914 Ottoman Empire
90%
1850 Austria
88%
1650 Dutch Empire
83%
1750 Dutch Empire
83%
1650 Poland-Lithuania
80%
1939 Soviet Union
76%
1650 Sweden
69%
1650 Safavid Empire
67%
1850 Prussia
54%
1650 England
36%
No matching quizzes found
Score Distribution
Percent of People with Each Score
Percentile by Number Answered
Your Score History
You have not taken this quiz since the last reset